Dialogar y descubrir : manual del instructor comunitario, niveles I y II.

Guardat en:
Dades bibliogràfiques
Autor principal: Candela, María Antonieta [et al.], (autor)
Autor corporatiu: Consejo Nacional de Fomento Educativo (México)
Format: Llibre
Idioma:espanyol
Matèries:
Etiquetes: Afegir etiqueta
Sense etiquetes, Sigues el primer a etiquetar aquest registre!

MARC

LEADER 00000cam^a2200000uu^4500
001 000470033
005 20250521000000.0
008 050901s1989^^^^^^^^^^^^rf^r^^000^0^spa^d
009 20260526150057.438
022 |a 9682925290 
035 |a FCE 000012813 
035 |a FCE 011691 
037 |a Acervo ITESO - Biblioteca 
041 |a spa 
082 0 4 |a 371.29102  |b CONAFEd 
100 |a Candela, María Antonieta,  |e [et al.]  |e (autor) 
245 1 0 |a Dialogar y descubrir :  |b manual del instructor comunitario, niveles I y II. 
264 |a México :  |b CONAFE : IPN,  |c 1989. 
300 |a 323 p. 
336 |a texto  |b txt  |2 rdacontenido 
337 |a sin mediación  |b n  |2 rdamedio 
338 |a volumen  |b nc  |2 rdasoporte 
649 |a XX 
650 |a Manual 
650 |a Desarrollo Comunitario 
650 |a Educación rural 
650 |a Comunidad rural 
650 |a Instructor 
650 |a Investigación educativa 
710 |a Consejo Nacional de Fomento Educativo (México) 
910 |a Fondo Centro de Estudios Educativos 
920 |a Impresos - Libros 
930 |a Fondos Especiales 
905 |a 133 
901 |a ALE011691  |b IT2  |c CEE  |u 20250521 
901 |a ALE042755  |b IT2  |c CEE  |u 20250521 
901 |a ALE042756  |b IT2  |c CEE  |u 20250521 
902 |a https://opac.biblio.iteso.mx/vufind/Record/000470033